000 00626nam a2200241Ia 4500
003 OSt
005 20221005114123.0
006 a|||||r|||| 00| 0
007 ta
008 221004b |||||||| |||| 00| 0 tel d
024 _a39499
037 _cTextual
040 _aCRL
_cCRL
_btel
041 _2tel
_atel
082 _aV2:1.M0, 35J6
100 _aMurthy Saryanarayana
_9625485
245 0 _aAnda rajyastapana
300 _a296p.
_ccm.
650 _a TELUGU LANGUAGE
_9155493
650 _aINDIA - HISTORY
942 _hV2:1.M0, 35J6
_cTEXL
_2cc
999 _c1030299
_d1030299